| LEADER 00000nam 2200000uu 4500 |
| 001 210425 |
| 003 ULIBM |
| 008 150402s2557||||th 000 0 tha d |
| 041 0 ^atha
|
| 050 4 ^aGR312.2.N6 ธ663ค 2557
|
| 100 0 ^aธีรพล นามวงศ์
|
| 245 10 ^aคำศัพท์และความหมายจากนิทานธรรมคำกลอนอีสานเรื่อง กำพร้าผีน้อย กาฬเกษ พญาคันคาก เชียงเหมี่ยง มูลตันไตเจ้าปัญญา/^bธีรพล นามวงศ์
|
| 260 ^aขอนแก่น : ^bศูนย์เรียนรู้วัฒนธรรมและอักษรโบราณอีสานฯ,^c2557.
|
| 300 ^a30 หน้า ;^b26 ซม.
|
| 650 4 ^aนิทานพื้นเมือง ^zไทย (ภาคตะวันออกเฉียงเหนือ) ^xคำศัพท์
|
| 650 4 ^aวรรณกรรมพื้นบ้าน ^zไทย (ภาคตะวันออกเฉียงเหนือ) ^xคำศัพท์
|
| 650 4 ^aนิทานคำกลอนอีสาน ^xคำศัพท์
|
| 710 2 ^aจังหวัดขอนแก่น. เทศบาลนครขอนแก่น. ชุมชนสามเหลี่ยม 3. ศูนย์เรียนรู้วัฒนธรรมและอักษรโบราณอีสาน.
|
| 999 ^aใช้งานได้ทุกระบบ
|